LEADER 01197nas# 22003373i 450 001 VAN00262443 005 20260311091622.870 011 $a1362-3001 017 70$20$a0144929X 100 $a20230804a1982 |0itac50 ba 101 $aeng 102 $aGB 105 $a|||| ||||| 110 $aag||||||||| 181 $ai$b e 182 $ab 183 $acr 200 1 $aBehaviour & information technology$ean international journal on the human aspects of computing 210 $aLondon$cTaylor & Francis$d1982- 215 $avolumi$d24 cm 517 1$3VAN00262444$aBIT 620 $aGB$dLondon$3VANL000015 712 $aTaylor & Francis $3VANV108171$4650 801 $aIT$bSOL$c20260313$gRICA 856 4 $uhttps://www.tandfonline.com/loi/tbit20$zE-Journal - Accesso al full-text attraverso riconoscimento IP di Ateneo, proxy e/o Shibboleth 899 $aBIBLIOTECA DEL DIPARTIMENTO DI PSICOLOGIA$1IT-CE0119$2VAN16$41996-$cTaylor & Francis Online - Taylor & Francis ; 912 $fN 912 $aVAN00262443 950 $aBIBLIOTECA DEL DIPARTIMENTO DI PSICOLOGIA$3778184$b161996- 996 $aBehaviour & information technology$92300563 997 $aUNICAMPANIA